00928nam a22002177a 450000500170000001000150001702000270003203500140005903700090007308200200008210000240010224501680012625000100029426000310030427001370033530000190047270000370049194200270052899900190055595201360057420231115151100.0 aENG-138390 c2495.00a9789391211431 aEN-121922 bDBAD a347.54092Third aSeth Karnika958722 aComputers Internet and New Technology laws:bA Comprehensive Refrence work with Special Focus on Development in India/cBy Karnika Seth and DY ChandraChudhEnglish aThird aGurgaonbLexis Nexisc2022 a14thn Floor, Building No 10, Tower-B, DLF Cyber City, Phase-II bHaryanae122002k911244774444mhelp.in@lexisnexis.coml911244774100 avp.c25cm(hbk) a ChandraChud, DYeForword958723 2ddccENh347.5409mSET c199099d199099 001040718REFaBNbBNd2023-11-15eDBAD/PUBg2495.00l0o347.5409 SETpEN-121922r2023-11-15 00:00:00t1v2495.00w2023-11-15yEN